000 01254nmm a2200349 a 4500
001 ocm0002146192
003 TR-IsHL
005 20201028182110.0
008 190124s2018 tu tur
007 cr cn
020 _a9786059375092
035 _a2146192
_b(N$T)
050 0 4 _aPZ90.T8
_bK37 2018
090 0 4 _aPZ90.T8
_bK37 2018
100 1 _aKaracan, Şebnem Güler
245 1 0 _aHızlı arı ve küçük sinek: yeryüzü masalları 6
_h[electronic resource] /
_cŞebnem Güler Karacan ; resimleyen Ercan Polat ; editör Mustafa Can, Yusuf Enes Özmen, Hacı Bayram Nebioğlu
250 _a3. Basım
260 _aİstanbul :
_bÇamlıca Çocuk Yayınları,
_c2018
300 _a24 p.
650 4 _aDil ve Edebiyat
650 4 _aLanguage and Literature
650 0 _aÇocuk öyküleri, Türk
650 0 _aChildren's stories, Turkish
650 0 _aResimli çocuk kitapları
650 0 _aIllustrated children's books
650 7 _aJUVENILE NONFICTION / Animals / General
_2bisacsh
700 1 _aPolat, Ercan
700 1 _aCan, Mustafa
700 1 _aÖzmen, Yusuf Enes
700 1 _aNebioğlu, Hacı Bayram
856 4 0 _uhttp://search.ebscohost.com/login.aspx?direct=true&scope=site&db=e011xww&AN=2146192
999 _c19909
_d19909